000
00251nmm a2200097Ia 4500
008
220120s9999||||xx |||||||||||||||||und||
020
_a
981-240-205-5
100
_a
Burke, Richard, J
245
0
_a
Network management
260
_a
Pearson education
_b
Boston
999
_c
139611
_d
139611